<?xml version="1.0" encoding="UTF-8"?>
<record
    xmlns:xsi="http://www.w3.org/2001/XMLSchema-instance"
    xsi:schemaLocation="http://www.loc.gov/MARC21/slim http://www.loc.gov/standards/marcxml/schema/MARC21slim.xsd"
    xmlns="http://www.loc.gov/MARC21/slim">

  <leader>01164nam a2200253 i 4500</leader>
  <controlfield tag="001">42596</controlfield>
  <controlfield tag="003">ES-MaACL</controlfield>
  <controlfield tag="005">20250728053958.0</controlfield>
  <controlfield tag="007">t|</controlfield>
  <controlfield tag="008">030408s2002    sp           ||||1| spa d</controlfield>
  <datafield tag="080" ind1=" " ind2=" ">
    <subfield code="a">327(8=134:4-672 UE)</subfield>
  </datafield>
  <datafield tag="080" ind1=" " ind2=" ">
    <subfield code="a">327(4-672 UE:8=134)</subfield>
  </datafield>
  <datafield tag="245" ind1="0" ind2="0">
    <subfield code="a">De R&#xED;o a Madrid: reflexiones y propuestas para la asociaci&#xF3;n Uni&#xF3;n Europea-Am&#xE9;rica Latina y el Caribe.</subfield>
  </datafield>
  <datafield tag="260" ind1=" " ind2=" ">
    <subfield code="a">Madrid, etc. : </subfield>
    <subfield code="b">Red de Cooperaci&#xF3;n Euro-latinoamericana (RECAL),</subfield>
    <subfield code="c">2002.</subfield>
  </datafield>
  <datafield tag="300" ind1=" " ind2=" ">
    <subfield code="a">51 p. ; </subfield>
    <subfield code="c">21 cm.</subfield>
  </datafield>
  <datafield tag="490" ind1="1" ind2=" ">
    <subfield code="a">Documento de trabajo RECAL ; </subfield>
    <subfield code="v">4</subfield>
  </datafield>
  <datafield tag="500" ind1=" " ind2=" ">
    <subfield code="a">Informe para la Cumbre birregional de Madrid (17-18 de mayo de 2002), preparado por la Red de Cooperaci&#xF3;n Euro-latinoamericana (RECAL), a partir de un cuestionario aplicado a l&#xED;deres de opini&#xF3;n de ambas regiones.</subfield>
  </datafield>
  <datafield tag="651" ind1=" " ind2="4">
    <subfield code="a">Am&#xE9;rica Latina-</subfield>
    <subfield code="x">Relaciones-</subfield>
    <subfield code="z">Pa&#xED;ses de la Uni&#xF3;n Europea</subfield>
    <subfield code="9">7764</subfield>
  </datafield>
  <datafield tag="651" ind1=" " ind2="4">
    <subfield code="a">Pa&#xED;ses de la Uni&#xF3;n Europea-</subfield>
    <subfield code="x">Relaciones-</subfield>
    <subfield code="z">Am&#xE9;rica Latina</subfield>
    <subfield code="9">9179</subfield>
  </datafield>
  <datafield tag="710" ind1="2" ind2=" ">
    <subfield code="a">Red de Cooperaci&#xF3;n Euro-latinoamericana.</subfield>
    <subfield code="9">6410</subfield>
  </datafield>
  <datafield tag="830" ind1="0" ind2=" ">
    <subfield code="a">Documento de trabajo RECAL ; </subfield>
    <subfield code="v">4</subfield>
    <subfield code="9">229833</subfield>
  </datafield>
  <datafield tag="852" ind1=" " ind2=" ">
    <subfield code="a">ES-MaACL</subfield>
    <subfield code="j">L-26220 </subfield>
    <subfield code="b">R.131712</subfield>
  </datafield>
  <datafield tag="999" ind1=" " ind2=" ">
    <subfield code="c">42596</subfield>
    <subfield code="d">42596</subfield>
  </datafield>
  <datafield tag="952" ind1=" " ind2=" ">
    <subfield code="0">0</subfield>
    <subfield code="1">0</subfield>
    <subfield code="4">0</subfield>
    <subfield code="7">0</subfield>
    <subfield code="a">ATENEOM</subfield>
    <subfield code="b">ATENEOM</subfield>
    <subfield code="c">DEPO2</subfield>
    <subfield code="d">2008-01-17</subfield>
    <subfield code="e">SC</subfield>
    <subfield code="l">0</subfield>
    <subfield code="o">L-26220</subfield>
    <subfield code="p">1044840</subfield>
    <subfield code="r">2023-02-23 00:00:00</subfield>
    <subfield code="w">2023-02-23</subfield>
    <subfield code="y">MONOGRAFIA</subfield>
  </datafield>
</record>
